000 00292nam a2200121 i 4500
001 bg
245 0 _aPlanowanie ksztaƂcenia i zatrudnienia kadr kwalifikowanych.
260 _aWarszawa,
_c1980.
040 _cBPK
041 _apol
942 _cKS
008 s pl f |000 0 pol
999 _c21848
_d21848
856 _uhttp://koha.tu.koszalin.pl/cgi-bin/koha/opac-detail.pl?biblionumber=21848
_yKatalog online BPK